000 00322nam a22001337a 4500
008 171023b xxu||||| |||| 00| 0 eng d
020 _a9780132572477
041 _aeng
080 _a338
100 _a54
101 _aMO
245 _aPLANT AND SERVICE TOURS IN OPERATIONS MANAGEMENT
_cSCHEMENNER, R.W
942 _2udc
_cBK
999 _c35467
_d35467